Enciclopedia de energía, tecnología; consultada y editor Douglas M. Considine (Registro nro. 56303)

Detalles MARC
000 -CABECERA
Longitud fija campo de control 00640nam a2200205Ii 4500
003 - IDENTIFICADOR DEL NUMERO DE CONTROL
Identificador del número de control CO-ViMGA
008 - CODIGOS DE INFORMACION DE LONGITUD FIJA
Códigos de información de longitud fija 241108s9999||||xx |||||||||||||| ||und||
020 ## - NUMERO INTERNACIONAL NORMALIZADO PARA LIBROS
Número Internacional Normalizado para Libros (ISBN) 968861002X
040 ## - FUENTE DE LA CATALOGACION
Centro catalogador de origen CO-ViMGA
Lengua de catalogación spa
Normas de descripción rda
Centro transcriptor CO-ViMGA
041 0# - CODIGO DE LENGUA
Código de lengua del texto/banda sonora o título independiente unk
082 04 - NUMERO DE LA CLASIFICACION DECIMAL DEWEY
Número de clasificación (R) R 531.64 E524
245 10 - TITULO PROPIAMENTE DICHO
Título Enciclopedia de energía, tecnología; consultada y editor Douglas M. Considine
264 #1 - PRODUCCION, PUBLICACION , DISTRIBUCION, FABRICACION Y COPYRIGHT
Lugar de producción, publicación, distribución, fabricación [Lugar de publicación no identificado] : Marcombo, 1986
300 ## - DESCRIPCION FISICA
Extensión volumen
336 ## - TIPO DE CONTENIDO
Término de tipo de contenido text
Código de tipo de contenido txt
Fuente rdacontent
337 ## - TIPO DE MEDIO
Nombre del tipo de medio unmediated
Código del tipo de medio n
Fuente rdamedia
338 ## - TIPO DE SOPORTE
Nombre del tipo de soporte volume
Código del tipo de soporte nc
Fuente rdacarrier
940 ## -
T&íacute;tulo uniforme <a href="idficha_siabuc: 3000. -- ficha_no_siabuc:3070">idficha_siabuc: 3000. -- ficha_no_siabuc:3070</a>
Existencias
Perdido Estado Físico No para pr&eacute;stamo Forma de adquisición Localizaci&oacute;n permanente Localizaci&oacute;n actual Localización en estanterías Fecha adquisici&oacute;n Serie de enumeraci&oacute;n &#47; cronolog&&iacute;acute;a Signatura completa C&oacute;digo de barras Fecha &uacute;ltima consulta N&uacute;mero de copia Fecha del precio de reemplazo Tipo de item de Koha Note p&uacute;blica
      Sala de Referencia Maruja Hernández de Gil Biblioteca Pública Departamental Eduardo Carranza - Villavicencio Biblioteca Pública Departamental Eduardo Carranza - Villavicencio Referencia 11/27/2006 Vol.7 R 531.64 E524 ECA1115 11/26/2024 Ej.1 11/26/2024 LIbro 3000 | 4225
      Sala de Referencia Maruja Hernández de Gil Biblioteca Pública Departamental Eduardo Carranza - Villavicencio Biblioteca Pública Departamental Eduardo Carranza - Villavicencio Referencia 11/27/2006 Vol.1 R 531.64 E524 ECA1109 11/26/2024 Ej.1 11/26/2024 LIbro 3000 | 4219
      Sala de Referencia Maruja Hernández de Gil Biblioteca Pública Departamental Eduardo Carranza - Villavicencio Biblioteca Pública Departamental Eduardo Carranza - Villavicencio Referencia 11/27/2006 Vol.2 R 531.64 E524 ECA1110 11/26/2024 Ej.1 11/26/2024 LIbro 3000 | 4220
      Sala de Referencia Maruja Hernández de Gil Biblioteca Pública Departamental Eduardo Carranza - Villavicencio Biblioteca Pública Departamental Eduardo Carranza - Villavicencio Referencia 11/27/2006 Vol.3 R 531.64 E524 ECA1111 11/26/2024 Ej.1 11/26/2024 LIbro 3000 | 4221
      Sala de Referencia Maruja Hernández de Gil Biblioteca Pública Departamental Eduardo Carranza - Villavicencio Biblioteca Pública Departamental Eduardo Carranza - Villavicencio Referencia 11/27/2006 Vol.4 R 531.64 E524 ECA1112 11/26/2024 Ej.1 11/26/2024 LIbro 3000 | 4222
      Sala de Referencia Maruja Hernández de Gil Biblioteca Pública Departamental Eduardo Carranza - Villavicencio Biblioteca Pública Departamental Eduardo Carranza - Villavicencio Referencia 11/27/2006 Vol.5 R 531.64 E524 ECA1113 11/26/2024 Ej.1 11/26/2024 LIbro 3000 | 4223
      Sala de Referencia Maruja Hernández de Gil Biblioteca Pública Departamental Eduardo Carranza - Villavicencio Biblioteca Pública Departamental Eduardo Carranza - Villavicencio Referencia 11/27/2006 Vol.6 R 531.64 E524 ECA1114 11/26/2024 Ej.1 11/26/2024 LIbro 3000 | 4224









Instituto Departamental de Cultura del Meta - Red Departamental de Bibliotecas Públicas del Meta.